La penitencia y la confesión : iniciación a la vida cristiana /

保存先:
書誌詳細
第一著者: Tilmann, Klemens (autor)
その他の著者: Albizu, José Luis (traducción) (traducción)
フォーマット: 図書
言語:スペイン語
出版事項: Barcelona, España : Herder, 1967, c1963
タグ: タグ追加
タグなし, このレコードへの初めてのタグを付けませんか!

MARC

LEADER 00000nam^a2200000^a^4500
001 000565465
005 20250521000000.0
009 20260310132047.685
037 |a Acervo ITESO - Biblioteca 
041 |a ESP 
091 |a FGM. 02600 
100 |a Tilmann, Klemens  |e (autor) 
245 1 3 |a La penitencia y la confesión :  |b iniciación a la vida cristiana / 
264 4 |a Barcelona, España :  |b Herder,  |c 1967, c1963 
300 |a 380 p. 
336 |a texto  |b txt  |2 rdacontenido 
337 |a sin mediación  |b n  |2 rdamedio 
338 |a volumen  |b nc  |2 rdasoporte 
649 |a XX 
700 |a Albizu, José Luis  |e (traducción) 
910 |a Fondo Efraín González Morfín 
920 |a Impresos - Libros 
930 |a Fondos Especiales 
905 |a 130 
901 |a 0500384321  |b IT2  |c ESL  |i D95716  |u 20250521 
902 |a https://opac.biblio.iteso.mx/vufind/Record/000565465